EToH: Timeless Manor Tower Frames - Statistics

General Stats
  • This quiz has been taken 61 times
    54 since last reset
  • The average score is 24 of 46
Answer Stats
Picture Answer % Correct
Great Citadel of Great Difficulty Chart
89%
Citadel of Latest Difficulty Chart
84%
Tower of Difficulty Chart
84%
Tower of One Equals Zero
84%
Sans Steeple
79%
Steeple of Exponential Difficulty
79%
Tower of Ruthless Royal Architecture
79%
Tower of Satan's Wrath
74%
Tower of The Quest For Perfection
74%
Doomsday Tower
68%
Tower of Challenging Obstacle Anarchy
68%
Sadistically Terrifying Overachieving Neglectful Enragement Facility Classic
63%
Steeple of Daze
63%
Tower of Brief Enmity
63%
Tower of Franchun's Lullaby
63%
Tower of Pure Torment
63%
Tower of True Confusion
63%
Tower of Disturbing Dread
58%
Tower of Inferno Galore
58%
Tower of Accepting Defeat
53%
Big Outside Annihilation Tower
47%
Kaizo Steeple
47%
Tower of Excruciating Anguish
47%
Tower of Fervent Imperfection
47%
Tower of Insane Zodiac
47%
Tower of Opposition
47%
Tower of Otherworldly Expertise
47%
Tower of The Bussin
47%
Tower of Unraveled Code
47%
Steeple of Pole Pole Pole
42%
Tower of Brain Damage
42%
Tower of Centchade
42%
Tower of Dissociative Force
42%
Tower of Hitbox and Health Abuse
42%
Tower of Forever Resetting
37%
Tower of Hellish Nightmares
37%
Tower of Perplexed Ascent
37%
Tower of Quadruple The Pain
37%
Tower of Room Destruction
37%
Tower of Substantial Quietus
37%
Tower of Everlasting Darkness
32%
Tower of Expected Outcomes
32%
Tower of The Detrimental Dexterity
32%
Tower of Fragile Balance
26%
Tower of Flipping Everything
21%
Tower of Missing Benefits
21%
No matching quizzes found
Score Distribution
Percent of People with Each Score
Percentile by Number Answered
Your Score History
You have not taken this quiz since the last reset